[Event "IECG QF.2003.0.00047"]
[Site "IECG email"]
[Date "2003.10.29"]
[Round "?"]
[White "Logan, Hardie"]
[Black "Marshall, Matthew"]
[Result "0-1"]
[WhiteElo "1043"]
[BlackElo "1055"]
[PlyCount "22"]
[EventDate "2003.10.29"]
[EventType "tourn (corr)"]
[EventRounds "6"]
[SourceTitle "Corr 2024"]
[Source "ChessBase"]
[SourceDate "2023.10.19"]
[SourceVersion "1"]
[SourceVersionDate "2023.10.19"]
[SourceQuality "1"]

1. c4 e5 2. a3 Nf6 3. Nf3 Nc6 4. b4 d5 5. c5 e4 6. Ng5 b6 7. d4 Ng4 8. f3 Nf6 9. e3 Bf5 10. fxe4 Nxe4 11. Bb5 Qf6 0-1

[Event "IECG QF.2003.0.00047"]
[Site "IECG email"]
[Date "2003.10.29"]
[Round "?"]
[White "Marshall, Matthew"]
[Black "Logan, Hardie"]
[Result "1-0"]
[WhiteElo "1055"]
[BlackElo "1043"]
[PlyCount "25"]
[EventDate "2003.10.29"]
[EventType "tourn (corr)"]
[EventRounds "6"]
[SourceTitle "Corr 2024"]
[Source "ChessBase"]
[SourceDate "2023.10.19"]
[SourceVersion "1"]
[SourceVersionDate "2023.10.19"]
[SourceQuality "1"]

1. e4 e5 2. Nc3 Nf6 3. Nf3 Bc5 4. Bc4 d6 5. d3 0-0 6. 0-0 c6 7. Be3 Bxe3 8. fxe3 b5 9. Bb3 a5 10. a4 b4 11. Ne2 Nbd7 12. d4 Nxe4 13. Nd2 1-0

[Event "IECG QE.2003.0.00042"]
[Site "IECG email"]
[Date "2003.03.28"]
[Round "1"]
[White "Booth, Grahame"]
[Black "Marshall, Matthew"]
[Result "0-1"]
[WhiteElo "1200"]
[BlackElo "1200"]
[PlyCount "68"]
[EventDate "2003.03.28"]
[EventType "tourn (corr)"]
[EventRounds "6"]
[SourceTitle "Corr 2008"]
[Source "ChessBase"]
[SourceDate "2008.06.24"]
[SourceVersion "1"]
[SourceVersionDate "2008.06.24"]
[SourceQuality "1"]

1. e4 e5 2. Nc3 Nc6 3. Bc4 Bc5 4. Qf3 Qf6 5. Nd5 Qxf3 6. Nxf3 Bb6 7. 0-0 d6 8. d3 Nge7 9. Nxe7 Nxe7 10. Bd2 0-0 11. Rae1 Bg4 12. Nh4 c6 13. Bg5 Rae8 14. h3 Be6 15. b4 Bxc4 16. dxc4 f6 17. Bd2 f5 18. exf5 Nxf5 19. Nxf5 Rxf5 20. g4 Rf3 21. Re4 d5 22. cxd5 cxd5 23. Re2 Ref8 24. Rxe5 Rxf2 25. Rxf2 Rxf2 26. Bg5 Re2+ 27. Be3 Rxe3 28. Rxe3 Bxe3+ 29. Kg2 d4 30. a4 Kf7 31. Kf1 Ke6 32. Ke2 Kd5 33. b5 Kc4 34. b6 axb6 0-1

[Event "IECG QE.2003.0.00042"]
[Site "IECG email"]
[Date "2003.03.28"]
[Round "1"]
[White "Davies, Stephen"]
[Black "Marshall, Matthew"]
[Result "1-0"]
[WhiteElo "1383"]
[BlackElo "1200"]
[PlyCount "57"]
[EventDate "2003.03.28"]
[EventType "tourn (corr)"]
[EventRounds "6"]
[SourceTitle "Corr 2008"]
[Source "ChessBase"]
[SourceDate "2008.06.24"]
[SourceVersion "1"]
[SourceVersionDate "2008.06.24"]
[SourceQuality "1"]

1. e4 e5 2. Nf3 Nf6 3. Nxe5 Bc5 4. d4 Nc6 5. Nxc6 dxc6 6. dxc5 Qxd1+ 7. Kxd1 Nxe4 8. Be3 b6 9. cxb6 axb6 10. Nd2 Bf5 11. Bd3 Rd8 12. Nxe4 Bxe4 13. Ke2 Bxd3+ 14. cxd3 0-0 15. b4 Rfe8 16. Rhc1 Rd6 17. a4 Re7 18. a5 bxa5 19. bxa5 Rd8 20. Rxc6 g5 21. a6 f5 22. a7 Ree8 23. Kd2 f4 24. Bc5 g4 25. Ra4 Ra8 26. Rxf4 h5 27. Rxc7 Rac8 28. Rxc8 Rxc8 29. Rf8+ 1-0

[Event "IECG QE.2003.0.00042"]
[Site "IECG email"]
[Date "2003.03.28"]
[Round "1"]
[White "Marshall, Matthew"]
[Black "Brown, Leslie"]
[Result "0-1"]
[WhiteElo "1200"]
[BlackElo "1200"]
[PlyCount "44"]
[EventDate "2003.03.28"]
[EventType "tourn (corr)"]
[EventRounds "6"]
[SourceTitle "Corr 2008"]
[Source "ChessBase"]
[SourceDate "2008.06.24"]
[SourceVersion "1"]
[SourceVersionDate "2008.06.24"]
[SourceQuality "1"]

1. e4 c5 2. Nc3 Nc6 3. Nf3 d6 4. Bc4 Nf6 5. d3 Bg4 6. 0-0 g6 7. h3 Bd7 8. Ng5 e6 9. Qf3 h6 10. Nxf7 Kxf7 11. Be3 Ne5 12. Qe2 Nxc4 13. dxc4 Be7 14. Rad1 Qb6 15. e5 dxe5 16. b3 Rad8 17. Bd2 Qc7 18. f4 e4 19. Nxe4 Nxe4 20. Qxe4 Bf6 21. Be3 Bc6 22. Qxc6 Qxc6 0-1

[Event "IECG QE.2002.0.00019"]
[Site "IECG email"]
[Date "2002.05.12"]
[Round "?"]
[White "Marshall, Matthew"]
[Black "Hamalainen, Jari Petri"]
[Result "0-1"]
[WhiteElo "1200"]
[BlackElo "1258"]
[PlyCount "64"]
[EventDate "2002.05.12"]
[EventType "tourn (corr)"]
[EventRounds "6"]
[SourceTitle "Corr 2008"]
[Source "ChessBase"]
[SourceDate "2008.06.24"]
[SourceVersion "1"]
[SourceVersionDate "2008.06.24"]
[SourceQuality "1"]

1. e4 Nc6 2. Nf3 d6 3. Nc3 e5 4. Bb5 Bg4 5. Bxc6+ bxc6 6. 0-0 Qf6 7. d3 Bxf3 8. Qxf3 Qxf3 9. gxf3 Rb8 10. Rb1 Be7 11. f4 Bf6 12. fxe5 Bxe5 13. Be3 c5 14. f4 Bxc3 15. bxc3 Rb6 16. e5 Ne7 17. d4 c4 18. d5 Rxb1 19. Rxb1 Kd7 20. Bxa7 Nxd5 21. Rb8 Rxb8 22. Bxb8 Nxc3 23. a3 dxe5 24. fxe5 Kc6 25. Kf2 Kb7 26. Bxc7 Kxc7 27. Ke3 Kc6 28. Kd4 Nb5+ 29. Kxc4 Nxa3+ 30. Kb3 Nb1 31. c3 Nd2+ 32. Kb4 Kd5 0-1

[Event "IECG QE.2002.0.00019"]
[Site "IECG email"]
[Date "2002.05.12"]
[Round "?"]
[White "Mori, Roberto"]
[Black "Marshall, Matthew"]
[Result "1-0"]
[WhiteElo "1234"]
[BlackElo "1200"]
[PlyCount "67"]
[EventDate "2002.05.12"]
[EventType "tourn (corr)"]
[EventRounds "6"]
[SourceTitle "Corr 2008"]
[Source "ChessBase"]
[SourceDate "2008.06.24"]
[SourceVersion "1"]
[SourceVersionDate "2008.06.24"]
[SourceQuality "1"]

1. e4 e5 2. Nf3 Nc6 3. d4 Nf6 4. d5 Nd4 5. Nxe5 d6 6. Qxd4 dxe5 7. Qxe5+ Qe7 8. Qxe7+ Bxe7 9. Nc3 0-0 10. e5 Ng4 11. Nb5 Bf5 12. Nxc7 Rac8 13. d6 Bh4 14. g3 Bd8 15. Nb5 Rxc2 16. Bd2 f6 17. Nd4 Nxf2 18. Rg1 fxe5 19. Nxc2 Bxc2 20. Bc4+ Kh8 21. Rf1 Bb6 22. d7 Bf5 23. Bb4 Rd8 24. Rxf2 Bxf2+ 25. Kxf2 Rxd7 26. Re1 e4 27. Ke3 h6 28. Rf1 g6 29. g4 Bxg4 30. Bc3+ Kh7 31. Rf8 g5 32. Bb5 Rd5 33. Be8 Rd3+ 34. Kxe4 1-0

[Event "IECG TG.2002.0.14719"]
[Site "IECG email"]
[Date "2002.??.??"]
[Round "2"]
[White "Ruchay, Joachim"]
[Black "Marshall, Matthew"]
[Result "1-0"]
[WhiteElo "1172"]
[BlackElo "1200"]
[PlyCount "93"]
[EventDate "2002.??.??"]
[EventType "match (corr)"]
[EventRounds "2"]
[SourceTitle "Corr 2008"]
[Source "ChessBase"]
[SourceDate "2008.06.24"]
[SourceVersion "1"]
[SourceVersionDate "2008.06.24"]
[SourceQuality "1"]

1. e4 e5 2. f4 Nc6 3. Nf3 d5 4. exd5 Qxd5 5. Nc3 Qe6 6. fxe5 Nxe5 7. Nxe5 Qxe5+ 8. Qe2 Qxe2+ 9. Bxe2 Bc5 10. d3 Nf6 11. Bf4 0-0 12. Bxc7 Re8 13. 0-0-0 Nd5 14. Nxd5 Rxe2 15. Rde1 Rxe1+ 16. Rxe1 Be6 17. Nc3 Rc8 18. Be5 Bf2 19. Rf1 Be3+ 20. Kb1 Rc5 21. Bg3 Bd4 22. Ne4 Bxa2+ 23. Kxa2 Rxc2 24. Rb1 Rxg2 25. Kb3 Bg1 26. Rc1 f5 27. Nd6 g6 28. Rc2 Rxc2 29. Kxc2 b6 30. Be5 Kf8 31. d4 f4 32. Bxf4 Bxd4 33. b3 Ke7 34. Nc8+ Ke6 35. Nxa7 Kf5 36. Bg3 g5 37. Kd3 Be5 38. Ke3 Bxg3 39. hxg3 Kg4 40. Kf2 Kh3 41. Nc8 b5 42. Nd6 g4 43. Nxb5 h5 44. Nd4 h4 45. gxh4 g3+ 46. Kg1 Kxh4 47. b4 1-0